|
|
|
|
| LEADER |
00000cam a2200000 7i4500 |
| 001 |
0000000354 |
| 005 |
20031020.0 |
| 090 |
0 |
0 |
|a 727.1095496
|b TAM 1995
|
| 100 |
1 |
0 |
|a TAMANG
|h H. D.
|
| 245 |
1 |
0 |
|a Innovation in primary school construction: community participation in Seti zone, Nepal :
|b A case study
|c by H. D. Tamang and K. C. Dharam
|
| 260 |
0 |
0 |
|a Bangkok :
|b UNESCO ,
|c 1995
|
| 300 |
|
|
|a 68 p. :
|b ill., maps ;
|c 21 cm.
|
| 650 |
0 |
0 |
|a Community participation
|z Nepal
|
| 650 |
0 |
0 |
|a Educational buildings
|z Nepal
|
| 650 |
0 |
0 |
|a Educational facilities
|z Nepal
|
| 650 |
0 |
0 |
|a Primary education
|z Nepal
|
| 650 |
0 |
0 |
|a Primary schools
|z Nepal
|
| 700 |
0 |
1 |
|a Dharam
|h K. C.
|
| 710 |
1 |
1 |
|a UNESCO. Principal Regional Office for Asia and the Pacific
|
| 998 |
|
|
|a JPSM
|
| 999 |
|
|
|a 0000003054
|b Monograph
|c Open Shelf
|e Default branch
|